Macroeconomics (Registro nro. 3752)

Detalles MARC
000 -LEADER
fixed length control field 01652 a2200253 4500
001 - CONTROL NUMBER
control field 43899
005 - DATE AND TIME OF LATEST TRANSACTION
control field 20260407155720.0
008 - FIXED-LENGTH DATA ELEMENTS--GENERAL INFORMATION
fixed length control field 260407a2014 arg spa d
003 - CONTROL NUMBER IDENTIFIER
control field AR-UNSa-BCEJYS
040 ## - CATALOGING SOURCE
Original cataloging agency AR-UNSa-BCEJYS
Language of cataloging spa
Transcribing agency AR-UNSa-BCEJYS
080 ## - UNIVERSAL DECIMAL CLASSIFICATION NUMBER
Universal Decimal Classification number 330.101.541
Common auxiliary subdivision Macroeconomía
020 ## - INTERNATIONAL STANDARD BOOK NUMBER
International Standard Book Number 978-1-292-00045-9
041 ## - LANGUAGE CODE
Language code of text/sound track or separate title spa
100 1# - MAIN ENTRY--PERSONAL NAME
Personal name Williamson, Stephen D.
245 10 - TITLE STATEMENT
Title Macroeconomics
250 ## - EDITION STATEMENT
Edition statement 5a. ed.
264 #1 - PRODUCTION, PUBLICATION, DISTRIBUTION, MANUFACTURE, AND COPYRIGHT NOTICE
Place of production, publication, distribution, manufacture Harlow :
Name of producer, publisher, distributor, manufacturer Pearson Education Limited
Date of production, publication, distribution, manufacture, or copyright notice 2014
300 ## - PHYSICAL DESCRIPTION
Extent 718 p.
Dimensions 23 cm.
505 ## - FORMATTED CONTENTS NOTE
Formatted contents note 1. Introduction - 2. Measurement - 3. Business cycle measurement - 4. Consumer and Firm Behavior: The Work—Leisure Decision and Profit Maximization - 5. A Closed-Economy One-Period Macroeconomic Model - 6. Search and Unemployment Labor Market Facts - 7. Economic Growth: Malthus and Solow - 8. Income Disparity Among Countries and Endogenous Growth Convergence - 9. A Two-Period Model: The Consumption—Savings Decision and Credit Markets - 10. Credit Market Imperfections: Credit Frictions, Financial Crises, and Social Security - 11. A Real Intertemporal Model with - Investment - 12. Money, Banking, Prices, and Monetary Policy - 13. Business Cycle Models with Flexible Prices and Wages - 14. New Keynesian Economics: Sticky Prices - 15. International Trade in Goods and Assets - 16. Money in the Open Economy - 17. Money, Inflation, and Banking - 18. Inflation, the Phillips Curve, and Central Bank Commitment.
590 ## - LOCAL NOTE (RLIN)
Local note niveau_biblio:m niveau_hierar:0
700 1# - ADDED ENTRY--PERSONAL NAME
Personal name Sharma, Anisha
856 41 - ELECTRONIC LOCATION AND ACCESS
Uniform Resource Identifier <a href="https://biblioeco.unsa.edu.ar/pmb/images/libros/L126835.jpg">https://biblioeco.unsa.edu.ar/pmb/images/libros/L126835.jpg</a>
Link text Imagen de portada
Electronic format type image/jpeg
942 ## - ADDED ENTRY ELEMENTS (KOHA)
Koha item type
Existencias
Withdrawn status Lost status Damaged status Not for loan Home library Current library Shelving location Date acquired Total checkouts Full call number Barcode Date last seen Price effective from Koha item type
        Biblioteca Prof. Eusebio Cleto del Rey Biblioteca Prof. Eusebio Cleto del Rey   07/04/2026   330.101.541 W715 5ed. L126835 07/04/2026 07/04/2026 Libro